Systém sociálnej ochrany rodín s deťmi v ČR v komparácii so systémami sociálnej ochrany rodín s deťmi vo vybraných európskych krajinách

Systémy sociálnej ochrany rodín s nezaopatrenými deťmi v deviatich európskych krajinách zaradených do škandinávskeho a kontinentálneho modelu sociálneho štátu. Podmienky nároku na hmotnú podporu rodín s deťmi v priebehu životného cyklu. Návrh alternatívneho modelu systému sociálnej ochrany rodín s d...

Descrizione completa

Salvato in:
Dettagli Bibliografici
Autore principale: Hobzová, Dana
Natura: Capitolo di libro
Lingua:ceco
Soggetti:
Tags: Aggiungi Tag
Nessun Tag, puoi essere il primo ad aggiungerne!!

MARC

LEADER 00000naa a2200000 4500
001 0282437
005 20240417075157.0
041 0 |a cze 
044 |a CZ 
245 1 0 |a Systém sociálnej ochrany rodín s deťmi v ČR v komparácii so systémami sociálnej ochrany rodín s deťmi vo vybraných európskych krajinách  |c Dana Hobzová 
520 |a Systémy sociálnej ochrany rodín s nezaopatrenými deťmi v deviatich európskych krajinách zaradených do škandinávskeho a kontinentálneho modelu sociálneho štátu. Podmienky nároku na hmotnú podporu rodín s deťmi v priebehu životného cyklu. Návrh alternatívneho modelu systému sociálnej ochrany rodín s deťmi podľa švédskeho modelu. 
610 2 0 |a politika rodinná 
610 2 0 |a politika sociálna 
610 2 0 |a ochrana sociálna 
610 2 0 |a prídavky na deti 
610 2 0 |a príspevok rodičovský 
610 2 0 |a materstvo 
610 2 0 |a podpory 
100 1 |a Hobzová, Dana